Zaťaženie mostov dopravou

Bibliographic Details
Main Authors: Vičan, Josef, 1954- (Author), Koteš, Peter, 1975- (Author), Meliš, Branislav, 1982- (Author)
Format: Article
Language:Slovak
PhysicalDescription:Fotogr., grafy, sch., tab.
ISSN:1336-5835
Subjects:

MARC

LEADER 00000nab a2200000 ar4500
001 vtls008991211
003 SK-MaSNL
005 20260303064636.0
008 070521c2007 xo |||||||||||000 b|slo
015 |a SNBRB2007/05  |2 snkbucl 
038 |a SNKBUCL 
040 |a SNKBUCL  |b slo  |c SNKBUCL  |e AACR2 
041 0 |a slo  |b eng  |b slo 
044 |a xo  |c SK 
080 |a 624.21.042.8:006  |x (437.6)  |2 2001 
080 |a 624.042.8  |2 2001 
080 |a 006  |2 2001 
100 1 |a Vičan, Josef,  |d 1954-  |4 aut  |9 368538 
245 1 0 |a Zaťaženie mostov dopravou  |c Josef Vičan, Peter Koteš, Branislav Meliš 
246 3 1 |a Traffic action on bridges 
300 |b Fotogr., grafy, sch., tab. 
500 |a Biogr. údaje 
504 |a Bibliogr. odkazy 
546 |a Res. angl., slov. 
650 0 7 |a mosty  |2 snkbucl  |9 3015 
650 0 7 |a zaťaženie konštrukcií dopravou  |2 snkbucl  |9 1039947 
650 0 7 |a technické normy a štandardy  |2 snkbucl  |9 69944 
700 1 |a Koteš, Peter,  |d 1975-  |4 aut  |9 101844 
700 1 |a Meliš, Branislav,  |d 1982-  |4 aut  |9 647771 
773 0 |t Civil and environmental engineering = Stavebné a environmentálne inžinierstvo  |g Roč. 3, č. 1 (2007), s. 26-35  |x 1336-5835 
852 |a SNK  |b KIS3GCP 
958 |a NB 
999 |c 1748021  |d 1749951